MARC

LEADER 00000nam0a2200000 4500
001 273644
005 20231101234641.0
020 |a RU  |b 87-76744 
035 |a (RuTPU)RU\TPU\book\296853 
090 |a 273644 
100 |a 20141028d1987 k y0rusy5003 ca 
101 0 |a rus 
102 |a RU 
105 |a a z 001zy 
200 1 |a Диалоговые системы в задачах управления  |e межвузовский сборник научных трудов  |f Новосибирский электротехнический институт (НЭТИ) ; под ред. В. И. Мамонова 
210 |a Новосибирск  |c Изд-во НЭТИ  |d 1987 
215 |a 165 с.  |c ил. 
320 |a Библиогр. в конце ст. 
606 1 |a Диалоговые системы  |x Проектирование  |2 stltpush  |3 (RuTPU)RU\TPU\subj\9442  |9 36690 
610 1 |a вычислительные системы управления 
610 1 |a использование 
610 1 |a применение 
610 1 |a технологические процессы 
610 1 |a транспортные системы 
610 1 |a эколого-экономические системы 
675 |a 681.324.015  |z rus  |v 3 
702 1 |a Мамонов  |b В. И.  |g Владимир Иванович  |4 340 
712 0 2 |a Новосибирский электротехнический институт (НЭТИ)  |c (1950-1992)  |2 stltpush  |3 (RuTPU)RU\TPU\col\203 
801 0 |a RU  |b RuMRKP  |c 19950417  |g psbo 
801 1 |a RU  |b 63413507  |c 20141028 
801 2 |a RU  |b 63413507  |c 20180928  |g RCR 
942 |c BK